000 00718nam a2200277Ia 4500
001 15157
005 20240113235611.0
007 ta
008 051203s1922 a g b000 u 465 u
020 _cHB
040 _aCotton College,Assam
041 _a465
082 _a385.3
_bG 346 In
100 _aGhose, S.C..
245 0 _aLectures on Indian Railway Economics /
_cS.C.Ghose.
_hTextual Documents
250 _a1st ed. /
260 _aCalcutta :
_bUniversity of Calcutta ,
_c1922.
300 _a71p. :
_bill ;
_c21cm .
653 _aRailway Economics-India
653 _aG-Education
942 _2ddc
_cBK
999 _c15143
_d15143